000 00391nam a2200157Ia 4500
008 240729s9999 xx 000 0 und d
022 _a1752-153X
245 0 _aChemistry Central Journal
260 _aUnited Kingdom
260 _bBMC
650 _a Chemistry
650 _aScience
856 _uhttps://doaj.org/toc/7d5ee20c53f04e48adf152025409f843
942 _2ddc
942 _cDOAJEJ
999 _c71620
_d71620
945 _a1
_bMadushi Gamage
_c1
_dMadushi Gamage